[Event "London Classic op 5th"]
[Site "London"]
[Date "2013.12.11"]
[Round "5"]
[White "Carr, Neil L"]
[Black "Shepley, Julien M"]
[Result "1-0"]
[WhiteElo "2275"]
[BlackElo "1986"]
[PlyCount "89"]
[EventDate "2013.12.07"]
[EventType "swiss"]
[EventRounds "9"]
[EventCountry "ENG"]
[SourceTitle "CBM 157 Extra"]
[Source "ChessBase"]
[SourceDate "2013.12.19"]
[SourceVersion "1"]
[SourceVersionDate "2013.12.19"]
[SourceQuality "1"]

1. e4 d6 2. d4 Nf6 3. Bd3 Nc6 4. c3 e5 5. Nf3 g6 6. h3 Bg7 7. Be3 0-0 8. Nbd2 Re8 9. d5 Ne7 10. c4 Nd7 11. g4 f5 12. gxf5 gxf5 13. exf5 Nc5 14. Bxc5 dxc5 15. Qc2 e4 16. Bxe4 Nxf5 17. 0-0-0 Qf6 18. Rhg1 Kh8 19. Bd3 Bd7 20. Ne4 Rxe4 21. Bxe4 Nd6 22. Rxg7 Qxg7 23. Rg1 Qh6+ 24. Ng5 Nxe4 25. Qxe4 Rf8 26. f4 Bf5 27. Qe7 Qd6 28. Qe5+ Qxe5 29. fxe5 h6 30. Ne6 Re8 31. Nxc7 Rxe5 32. Kd2 Re4 33. b3 Rd4+ 34. Ke3 Re4+ 35. Kf3 Re7 36. Nb5 b6 37. h4 h5 38. Rg5 Bg4+ 39. Kf4 a6 40. Nd6 Kh7 41. Re5 Rg7 42. Ne8 Rf7+ 43. Kg5 b5 44. d6 bxc4 45. bxc4 1-0

[Event "GBR-ch 100th"]
[Site "Torquay"]
[Date "2013.08.07"]
[Round "9"]
[White "Zhou, Yang Fan"]
[Black "Carr, Neil L"]
[Result "1-0"]
[WhiteElo "2469"]
[BlackElo "2290"]
[PlyCount "77"]
[EventDate "2013.07.29"]
[EventType "swiss"]
[EventRounds "11"]
[EventCountry "ENG"]
[SourceTitle "CBM 155 Extra"]
[Source "ChessBase"]
[SourceDate "2013.08.26"]
[SourceVersion "1"]
[SourceVersionDate "2013.08.26"]
[SourceQuality "1"]

1. e4 c5 2. Nf3 d6 3. d4 cxd4 4. Nxd4 Nf6 5. Nc3 g6 6. Be3 Bg7 7. f3 Nc6 8. Qd2 Bd7 9. g4 Ne5 10. 0-0-0 b5 11. Ncxb5 0-0 12. Nc3 Qa5 13. g5 Nxf3 14. gxf6 Nxd2 15. fxg7 Kxg7 16. Rxd2 Rfc8 17. Nb3 Qh5 18. Ba6 Rf8 19. Rg1 f5 20. Bd4+ e5 21. Bxe5+ dxe5 22. Rxd7+ Rf7 23. Rxf7+ Kxf7 24. exf5 Qxh2 25. fxg6+ hxg6 26. Rd1 Kg7 27. Nc5 Rb8 28. b3 Rb4 29. Kb2 Rh4 30. N5e4 Kh6 31. Rd8 Qf4 32. Bd3 g5 33. Nd5 Qf3 34. Rd6+ Kg7 35. Nxg5 Qh1 36. Rg6+ Kf8 37. Ne6+ Ke8 38. Rg7 Qxd5 39. Bg6# 1-0

[Event "GBR-ch 100th"]
[Site "Torquay"]
[Date "2013.08.03"]
[Round "6"]
[White "Carr, Neil L"]
[Black "Longson, Sarah N"]
[Result "1-0"]
[WhiteElo "2290"]
[BlackElo "2124"]
[PlyCount "53"]
[EventDate "2013.07.29"]
[EventType "swiss"]
[EventRounds "11"]
[EventCountry "ENG"]
[SourceTitle "CBM 155 Extra"]
[Source "ChessBase"]
[SourceDate "2013.08.26"]
[SourceVersion "1"]
[SourceVersionDate "2013.08.26"]
[SourceQuality "1"]

1. e4 c5 2. d4 cxd4 3. c3 dxc3 4. Nxc3 Nc6 5. Nf3 d6 6. Bc4 a6 7. 0-0 Nf6 8. Bf4 Bg4 9. Qb3 e6 10. h3 Bxf3 11. gxf3 Qd7 12. Rfd1 e5 13. Bg5 Nd4 14. Rxd4 exd4 15. Bxf6 dxc3 16. Bxc3 h5 17. Bd5 Rb8 18. Re1 f6 19. f4 Be7 20. Bf7+ Kf8 21. Bg6 Bd8 22. Bb4 Bc7 23. Rd1 Rh6 24. f5 Rxg6+ 25. fxg6 Qe8 26. Rxd6 Qxg6+ 27. Kf1 1-0

[Event "BCF-ch"]
[Site "Blackpool"]
[Date "1988.??.??"]
[Round "?"]
[White "Arkell, Keith C"]
[Black "Carr, Neil L"]
[Result "1-0"]
[WhiteElo "2430"]
[BlackElo "2310"]
[PlyCount "99"]
[EventDate "1988.08.??"]
[EventType "swiss"]
[EventRounds "11"]
[EventCountry "ENG"]
[SourceTitle "TD"]
[Source "ChessBase"]
[SourceDate "1994.03.01"]
[SourceVersion "1"]
[SourceVersionDate "1994.03.01"]
[SourceQuality "1"]

1. d4 g6 2. Nf3 Bg7 3. c4 d6 4. g3 Nf6 5. Bg2 0-0 6. 0-0 Nc6 7. Nc3 a6 8. h3 Rb8 9. e4 e5 10. Be3 exd4 11. Nxd4 Re8 12. Nxc6 bxc6 13. Qd2 Nd7 14. f4 c5 15. Rfe1 Bb7 16. Bf2 Nb6 17. b3 f5 18. exf5 Bxg2 19. Kxg2 gxf5 20. Rad1 Qd7 21. Nd5 Qc6 22. Qd3 Nxd5 23. cxd5 Qd7 24. Rxe8+ Rxe8 25. Qxa6 Re4 26. Qd3 Qe8 27. Rd2 h5 28. Kf3 h4 29. g4 Qf7 30. gxf5 Re7 31. Kg4 Bf6 32. Bxh4 Bxh4 33. Kxh4 Qf6+ 34. Kg3 Re1 35. Kh2 Qa1 36. Qf3 Qc1 37. Rf2 Kf8 38. Qg2 Qc3 39. Qg5 Re3 40. Qh6+ Qg7 41. Qg5 Qc3 42. Qd8+ Kf7 43. Qxc7+ Kf6 44. Qxd6+ Kxf5 45. Qd7+ Ke4 46. Qe6+ Kd3 47. Qf5+ Kd4 48. Qf6+ Kxd5 49. Qxc3 Rxc3 50. f5 1-0

[Event "BCF-ch"]
[Site "Blackpool"]
[Date "1988.??.??"]
[Round "?"]
[White "Carr, Neil L"]
[Black "Conquest, Stuart"]
[Result "1-0"]
[WhiteElo "2310"]
[BlackElo "2490"]
[PlyCount "113"]
[EventDate "1988.08.??"]
[EventType "swiss"]
[EventRounds "11"]
[EventCountry "ENG"]
[SourceTitle "TD"]
[Source "ChessBase"]
[SourceDate "1994.03.01"]
[SourceVersion "1"]
[SourceVersionDate "1994.03.01"]
[SourceQuality "1"]

1. e4 c5 2. d3 d5 3. Qe2 Nc6 4. c3 e5 5. g3 Nf6 6. Bg2 Be7 7. Nf3 0-0 8. 0-0 Re8 9. Na3 Bf8 10. Bg5 Be6 11. Nd2 Be7 12. f4 dxe4 13. dxe4 h6 14. Bxf6 Bxf6 15. f5 Bc8 16. Ndc4 a6 17. Rad1 Qc7 18. Ne3 Ne7 19. Ng4 b5 20. Nxf6+ gxf6 21. Nc2 Bb7 22. Ne3 c4 23. h4 Rad8 24. Kh2 Rxd1 25. Rxd1 Rd8 26. Rd2 Bc6 27. Qd1 Rxd2 28. Qxd2 Qd7 29. Nd5 Kg7 30. g4 Qd6 31. Kh3 Qd8 32. Kh2 Bxd5 33. exd5 Nc8 34. Qe3 Qe7 35. Kg3 Nd6 36. Kf2 Nb7 37. Qb6 Qc5+ 38. Qxc5 Nxc5 39. d6 Kf8 40. Bc6 Nd3+ 41. Ke3 b4 42. Kd2 a5 43. b3 cxb3 44. axb3 Nc5 45. Kc2 e4 46. cxb4 axb4 47. g5 fxg5 48. hxg5 hxg5 49. f6 Ne6 50. Kd1 Kg8 51. Bxe4 Nc5 52. Bf5 g4 53. Ke1 g3 54. Kf1 Nb7 55. d7 Nd8 56. Kg2 Nc6 57. Kxg3 1-0

[Event "Guernsey op 12th"]
[Site "Guernsey"]
[Date "1986.??.??"]
[Round "7"]
[White "Carlier, Bruno"]
[Black "Carr, Neil L"]
[Result "1-0"]
[WhiteElo "2315"]
[BlackElo "2295"]
[PlyCount "155"]
[EventDate "1986.10.??"]
[EventType "swiss"]
[EventRounds "7"]
[EventCountry "GCI"]
[SourceTitle "EXT 2008"]
[Source "ChessBase"]
[SourceDate "2007.11.25"]
[SourceVersion "1"]
[SourceVersionDate "2007.11.25"]
[SourceQuality "1"]

1. e4 g6 2. d4 Bg7 3. Nc3 d6 4. Nf3 Nf6 5. h3 0-0 6. Be3 Nc6 7. d5 Nb8 8. Bc4 c6 9. a4 Qa5 10. 0-0 Nbd7 11. Qb1 Qc7 12. Qa2 cxd5 13. exd5 Nc5 14. Nd4 Nfe4 15. Nxe4 Nxe4 16. Rad1 Bd7 17. Be2 Qa5 18. Bf3 Nf6 19. Ra1 Rfe8 20. c3 Qc7 21. Qb3 e5 22. dxe6 fxe6 23. Nb5 Bxb5 24. axb5 Nd7 25. Ra4 d5 26. Qa3 Bf8 27. b4 Ne5 28. Be2 Nc4 29. Bxc4 Qxc4 30. Rxa7 Rxa7 31. Qxa7 Qxb5 32. Ra1 Qc6 33. Ra3 e5 34. Qb6 Qxb6 35. Bxb6 Rc8 36. Kf1 Rc6 37. Be3 Rc4 38. Ra8 Kf7 39. Ra7 Rxc3 40. Rxb7+ Ke6 41. Bd2 Rc2 42. Ke1 d4 43. f3 Rb2 44. Rb5 Be7 45. Kd1 Ra2 46. Ke1 Bh4+ 47. Kd1 Bf2 48. Ra5 Rxa5 49. bxa5 Kd5 50. Ke2 Bh4 51. a6 Kc6 52. Ba5 h5 53. Kd3 Bg3 54. Bd8 h4 55. Ke4 Bf2 56. Bf6 Bg3 57. Bd8 Bf2 58. Bf6 Bg3 59. Bg5 Kb6 60. f4 exf4 61. Kxd4 Kxa6 62. Ke4 Kb5 63. Bxf4 Be1 64. Kf3 Kc4 65. Kg4 Kd3 66. Bg5 Ke4 67. Bxh4 Bd2 68. Bg5 Be1 69. Bd8 Bd2 70. Bg5 Bb4 71. Bd8 Bd2 72. Bc7 Kd5 73. Bf4 Bxf4 74. Kxf4 Ke6 75. Kg5 Kf7 76. Kh6 Kf6 77. g4 g5 78. Kh5 1-0

[Event "BCF-ch"]
[Site "Southampton"]
[Date "1986.??.??"]
[Round "9"]
[White "Carr, Neil L"]
[Black "Condie, Mark L"]
[Result "0-1"]
[WhiteElo "2305"]
[BlackElo "2410"]
[PlyCount "57"]
[EventDate "1986.07.28"]
[EventType "swiss"]
[EventRounds "11"]
[EventCountry "ENG"]
[SourceTitle "EXT 1999"]
[Source "ChessBase"]
[SourceDate "1998.11.16"]
[SourceVersion "1"]
[SourceVersionDate "1998.11.16"]
[SourceQuality "1"]

1. e4 e5 2. Bc4 Nf6 3. d3 Nc6 4. Nc3 Bb4 5. Bg5 h6 6. Bxf6 Bxc3+ 7. bxc3 Qxf6 8. a3 d6 9. Ne2 Be6 10. Bb5 0-0 11. 0-0 Ne7 12. c4 c6 13. Ba4 d5 14. cxd5 cxd5 15. Ng3 Rad8 16. Rb1 b6 17. Bb3 Ng6 18. exd5 Bxd5 19. Bxd5 Rxd5 20. Qg4 Rd4 21. Qf5 Qc6 22. Rb4 Rxb4 23. axb4 Qxc2 24. Qd7 a5 25. bxa5 bxa5 26. d4 Qd3 27. d5 Nf4 28. Nf5 Rb8 29. h3 0-1

[Event "Oakham YM"]
[Site "Oakham"]
[Date "1986.??.??"]
[Round "8"]
[White "Carr, Neil L"]
[Black "Schandorff, Lars"]
[Result "1/2-1/2"]
[WhiteElo "2295"]
[BlackElo "2335"]
[PlyCount "74"]
[EventDate "1986.04.??"]
[EventType "swiss"]
[EventRounds "9"]
[EventCountry "ENG"]
[SourceTitle "MCL"]
[Source "ChessBase"]
[SourceDate "1999.07.01"]
[SourceVersion "1"]
[SourceVersionDate "1999.07.01"]
[SourceQuality "1"]

1. e4 e5 2. Nf3 Nc6 3. d4 exd4 4. Bc4 Nf6 5. e5 d5 6. Bb5 Ne4 7. Nxd4 Bd7 8. Bxc6 bxc6 9. 0-0 Bc5 10. f3 Ng5 11. f4 Ne4 12. Nc3 0-0 13. Nxe4 dxe4 14. c3 Bb6 15. Qe2 Qe7 16. Qxe4 f6 17. Be3 Rae8 18. Nf3 Bf5 19. Qc4+ Be6 20. Qe2 Bd5 21. Bd4 Bxf3 22. Rxf3 fxe5 23. Bxb6 cxb6 24. Qc4+ Qe6 25. Qxe6+ Rxe6 26. Re1 Ref6 27. Rxe5 Rxf4 28. Rxf4 Rxf4 29. Re7 Rf7 30. Re8+ Rf8 31. Rxf8+ Kxf8 32. Kf2 Ke7 33. Ke3 Kd7 34. Ke4 Ke6 35. b4 a6 36. a4 b5 37. a5 Kd6 1/2-1/2

[Event "BCF-ch"]
[Site "Southampton"]
[Date "1986.??.??"]
[Round "8"]
[White "Martin, Andrew D"]
[Black "Carr, Neil L"]
[Result "0-1"]
[WhiteElo "2370"]
[BlackElo "2305"]
[PlyCount "56"]
[EventDate "1986.07.28"]
[EventType "swiss"]
[EventRounds "11"]
[EventCountry "ENG"]
[SourceTitle "EXT 1999"]
[Source "ChessBase"]
[SourceDate "1998.11.16"]
[SourceVersion "1"]
[SourceVersionDate "1998.11.16"]
[SourceQuality "1"]

1. e4 g6 2. d4 Bg7 3. Nf3 d6 4. Nc3 Nf6 5. Bg5 0-0 6. Qd2 c6 7. Bd3 Qc7 8. 0-0-0 e5 9. h3 Re8 10. Bh6 b5 11. Bxg7 Kxg7 12. dxe5 dxe5 13. Ne2 a6 14. g4 c5 15. Ng3 Nc6 16. c3 Be6 17. Qg5 h6 18. Qh4 c4 19. Bb1 b4 20. Ne2 Rab8 21. g5 hxg5 22. Qxg5 Qa5 23. Rd2 Red8 24. Rxd8 Rxd8 25. Nh4 Rd3 26. Bxd3 cxd3 27. Ng3 bxc3 28. Ngf5+ Kg8 0-1

[Event "BCF-ch"]
[Site "Southampton"]
[Date "1986.??.??"]
[Round "10"]
[White "Plaskett, H James"]
[Black "Carr, Neil L"]
[Result "1/2-1/2"]
[WhiteElo "2450"]
[BlackElo "2305"]
[PlyCount "61"]
[EventDate "1986.07.28"]
[EventType "swiss"]
[EventRounds "11"]
[EventCountry "ENG"]
[SourceTitle "EXT 1999"]
[Source "ChessBase"]
[SourceDate "1998.11.16"]
[SourceVersion "1"]
[SourceVersionDate "1998.11.16"]
[SourceQuality "1"]

1. e4 g6 2. d4 Bg7 3. Nc3 d6 4. f4 Nf6 5. Nf3 c5 6. dxc5 Qa5 7. Bd3 Qxc5 8. Qe2 Bg4 9. Be3 Qa5 10. 0-0 Nc6 11. h3 Bxf3 12. Qxf3 0-0 13. a3 Nd7 14. Bd2 Qb6+ 15. Kh1 Nc5 16. Rab1 Nxd3 17. cxd3 f5 18. g4 Nd4 19. Qg3 fxg4 20. hxg4 e6 21. f5 gxf5 22. gxf5 Kh8 23. Qh3 exf5 24. exf5 d5 25. Rf4 Be5 26. Rh4 Rf7 27. Rh6 Qc5 28. Re1 Nxf5 29. Rxe5 Rg8 30. Be3 Nxe3 31. Qxe3 1/2-1/2